Nuevas perspectivas sobre los procesos de lectura y escritura

محفوظ في:
التفاصيل البيبلوغرافية
المؤلفون الرئيسيون: Ferreiro Schiavi, Emilia (autora), Gómez Palacio Muñoz, Margarita (مؤلف)
التنسيق: كتاب
اللغة:الإسبانية
منشور في: Ciudad de México Siglo Veintiuno 1998
الطبعة:14a. ed
سلاسل:Colección Educación
الموضوعات:
الوسوم: إضافة وسم
لا توجد وسوم, كن أول من يضع وسما على هذه التسجيلة!

MARC

LEADER 00000nam a2200000 a 4500
001 UCO3342
003 CL-VaPUC
008 000720e19980000MX |||||||||||||||||spa|d
082 0 4 |a 372.4  |b FER  |2 21 
100 1 |a Ferreiro Schiavi, Emilia  |e autora  |9 590820 
700 |a Gómez Palacio Muñoz, Margarita  |e author  |9 453883 
245 1 0 |a Nuevas perspectivas sobre los procesos de lectura y escritura 
250 |a 14a. ed 
300 |a 354 p 
942 |c BK 
945 |d 20000720 00:00:00  |a rbrito 
260 |a Ciudad de México  |b Siglo Veintiuno  |c 1998 
650 0 |a Enseñanza de la lectura  |9 308364 
650 0 |a Enseñanza de la escritura  |9 307377 
650 0 |a Educación básica   |9 224933 
650 0 |a Lectura  |9 307634 
650 0 |a Escritura  |9 264941 
583 |a last modification  |c 20000720 00:00:00  |k Rodrigo Vera 
490 0 |a Colección Educación 
999 |c 289800  |d 289798 
952 |0 0  |1 0  |4 0  |6 372_400000000000000_FER_1998  |7 0  |8 A  |9 338543  |a BIBEDU  |b BIBEDU  |c ES_NOD  |d 2019-11-20  |i 3628094  |o 372.4 FER 1998  |p 3628094  |r 2023-08-09  |w 2019-11-20  |y BK  |k EPE